Clic Napoléon Bonaparte - grandes dates - Statistiques

Statistiques générales
  • Ce quiz a été pris 52 fois
  • Le résultat moyen est 14 sur 36
Statistiques - réponses
Hint Explanation Réponse % Correct
Naissance à Ajaccio 15 août 1769
86%
Bataille de Waterloo 18 juin 1815
86%
Retour des Cendres 15 décembre 1840
79%
Sacre 2 décembre 1804
75%
Mort à Sainte-Hélène 5 mai 1821
75%
Bataille d'Austerlitz 2 décembre 1805
71%
Incendie de Moscou 15 septembre 1812
68%
Coup d'état du 18 brumaire 9/10 novembre 1799
64%
Bataille des Pyramides 21 juillet 1798
61%
Adieux de Fontainebleau 20 avril 1814
61%
Participe au siège de Toulon septembre/décembre 1793
54%
Arrivée du docteur Antommarchi à Sainte-Hélène 1819
54%
Vente de la Louisiane 16 mai 1803
46%
Divorce de Joséphine de Beauharnais 14 décembre 1809
46%
Bataille de Leipzig 18 octobre 1813
46%
Général en chef de l'armée d'Italie 2 mars 1796
39%
Bataille de Marengo 14 juin 1800
39%
Mariage avec Marie-Louise d'Autriche 2 avril 1810
36%
Traité de Tilsit entre la France et la Russie 7 juillet 1807
32%
Arrive devant Madrid 2 décembre 1808
32%
Naissance du roi de Rome 20 mars 1811
32%
Bataille de Rivoli 14 janvier 1797
29%
Son père, Charles est élu député aux états de Corse 8 juin 1777
25%
Mort de la comtesse Waleska, mère d'un de ses fils adultérins 11 décembre 1817
25%
Paix d'Amiens entre la France et l'Angleterre 25 mars 1802
21%
Promu lieutenant en 1er 1er avril 1791
18%
Napoléon Bonaparte arrive en France 15 décembre 1778
14%
Napoléon Bonaparte entre au collège d'Autun 1er janvier 1779
14%
Napoléon Bonaparte quitte le collège de Brienne 17 octobre 1784
14%
Mort de Charles Bonaparte 24 février 1785
14%
Paix de Lunéville entre la France et l'Autriche 9 février 1801
14%
Instauration du blocus continental 21 novembre 1806
14%
Rejoint son régiment à Auxonne juin 1788
7%
Rejoint son régiment à Valence 30 septembre 1787
4%
Revient pour la première fois en Corse 15 septembre 1786
0%
Quitte son régiment d'Auxonne pour se rendre en Corse septembre 1789
0%
Aucun quiz correspondant
Distribution des résultats
% des personnes avec chaque résultat
Percentile par nombre de réponses
Votre historique - résultats
Vous n’avez pas pris ce quiz